| 000 | 00547nam a2200193 a 4500 | ||
|---|---|---|---|
| 005 | 20140310183349.0 | ||
| 008 | 070606s19uu xx 00 eng d | ||
| 020 | _a8178883503 | ||
| 050 |
_aPN 4781 _b.Se469 2005 |
||
| 100 | _aSelvaraj, Madhur | ||
| 245 |
_aNews editing & reporting / _cMadhur Selvaraj |
||
| 260 |
_aNew Delhi : _bDominant Publishers and Distributors, _c2005. |
||
| 300 |
_a396 p. : _c23 cm. |
||
| 521 | _aMC | ||
| 650 |
_aJournalism _xEditing. |
||
| 650 |
_aJournalism _xReporting. |
||
| 942 |
_cBK _2lcc _kFOR |
||
| 999 |
_c22023 _d22023 |
||